Datum a čas kvízu
35
Celkem bodů
Celkový počet nahraných bodů na tomto kvízu bez doplňovacích otázek.
1.
Pořadí na kvízu
Konečné umístění týmu na tomto kvízu.
Zaznamenané odpovědi
| # | Otázka | Odpověď | Body | Výsledky |
|---|---|---|---|---|
| 1. | Ministr dopravy Vladimír Kreml... | Francie | 1 | |
| 2. | Senát jednoho státu na jihu US... | Alabama | 1 | |
| 3. | Který známý umělec si vzal v n... | Rytmus / Patrik Vrbovský | 1 | |
| 4. | Čínská společnost Xiaomi přišl... | v automatu | 0 | |
| 5. | Jakub Voráček se stal druhým h... | Matěj | 0 | |
| 6. | Kolik mandátů připadá v Evrops... | 21 mandátů (Uznáváme tedy 20 až 22.) | 1 | |
| 7. | Z výsledků voleb vzejde i nový... | Jan Zahradil | 1 | |
| 8. | Přiřaďte politické strany k je... | 1A 2B 3C 4D | 1 | |
| 9. | V některých evropských státech... | D | 0 | |
| 10. | Jedenatřicetiletý kandidát nov... | Tinder | 1 |